Countries by Larger and Smaller Neighbour in 90 Seconds on the Disappearing World Map - Statistics

General Stats
  • This quiz has been taken 13,992 times
  • The average score is 161 of 249
Answers on the Map
Answers color-coded by a green-red scale on the quiz's map according to % correct below.
 
Answer Stats
Final % Correct
BrazilA
99%
CanadaA
98%
KazakhstanB
98%
MexicoB
98%
MongoliaB
98%
North KoreaB
98%
RussiaA
98%
United StatesA
98%
United StatesB
98%
BhutanB
97%
ChinaA
97%
ChinaB
97%
FranceB
97%
IndiaB
97%
MyanmarB
97%
NepalB
97%
PakistanB
97%
SurinameB
97%
BoliviaB
96%
AfghanistanB
95%
ColombiaB
95%
FranceA
95%
ParaguayB
95%
PolandB
95%
UruguayB
95%
ArgentinaB
94%
IndiaA
94%
KyrgyzstanB
94%
AlgeriaA
93%
AzerbaijanB
93%
BelarusB
93%
ChileB
93%
LaosB
93%
PeruB
93%
ArgentinaA
92%
FinlandB
92%
NorwayB
92%
PeruA
92%
SudanA
92%
SwitzerlandB
92%
TajikistanB
92%
VenezuelaB
92%
BangladeshB
91%
BelizeB
91%
Central African RepublicB
91%
LibyaA
91%
MexicoA
91%
NigerB
91%
VietnamB
91%
Democratic Republic of the CongoA
90%
GuatemalaB
90%
MaliB
90%
Sri LankaB
90%
UkraineB
90%
BelgiumB
89%
GermanyA
89%
GuyanaB
89%
LithuaniaB
89%
LuxembourgB
89%
NetherlandsB
89%
South SudanB
89%
SpainA
89%
ZambiaB
89%
GermanyB
88%
Republic of the CongoB
88%
GeorgiaB
87%
United KingdomB
87%
AndorraB
86%
AngolaB
86%
EcuadorB
86%
IranA
86%
IraqB
86%
SpainB
86%
UgandaB
86%
ItalyB
85%
MoroccoB
85%
AustriaB
84%
Burkina FasoB
84%
ChadA
84%
ChadB
84%
DenmarkB
84%
MauritaniaB
84%
NigerA
84%
RwandaB
84%
BurundiB
83%
LatviaB
83%
ColombiaA
82%
EstoniaB
82%
LibyaB
82%
TanzaniaB
82%
AngolaA
81%
EgyptB
81%
NigeriaB
81%
Saudi ArabiaA
81%
ArmeniaB
80%
Czech RepublicB
80%
IrelandB
80%
South AfricaA
80%
TurkmenistanB
80%
United KingdomA
80%
TurkeyB
79%
BotswanaB
78%
MaliA
77%
UkraineA
77%
ZimbabweB
77%
CameroonB
76%
JordanB
76%
NamibiaB
76%
BoliviaA
75%
OmanB
75%
SenegalB
75%
KuwaitB
74%
United Arab EmiratesB
74%
EthiopiaA
73%
KenyaB
73%
PanamaB
73%
SlovakiaB
73%
UzbekistanB
73%
Central African RepublicA
72%
ItalyA
72%
MozambiqueB
72%
TurkeyA
72%
EritreaB
71%
GuineaB
71%
SloveniaB
71%
YemenB
71%
EthiopiaB
70%
KazakhstanA
70%
SwazilandB
70%
Cote d'IvoireB
69%
TunisiaB
69%
LesothoB
68%
MalaysiaB
68%
QatarB
68%
SwedenA
68%
BeninB
67%
DjiboutiB
67%
IndonesiaA
67%
Vatican CityB
67%
BulgariaB
66%
San MarinoB
66%
HungaryB
65%
IsraelB
65%
Papua New GuineaB
65%
SomaliaB
65%
SyriaB
65%
CameroonA
64%
GabonB
64%
MoldovaB
63%
MonacoB
63%
PortugalB
63%
TanzaniaA
63%
EgyptA
62%
RomaniaB
62%
VenezuelaA
62%
East TimorB
61%
Republic of the CongoA
61%
Costa RicaB
59%
GreeceB
58%
ThailandA
58%
CambodiaB
57%
MyanmarA
57%
PolandA
57%
SomaliaA
56%
RomaniaA
53%
SerbiaB
53%
NamibiaA
52%
NicaraguaA
52%
PakistanA
52%
PanamaA
52%
ThailandB
52%
El SalvadorB
51%
HondurasA
51%
MalawiB
51%
MauritaniaA
51%
NigeriaA
51%
MacedoniaB
50%
HungaryA
48%
GuatemalaA
47%
HondurasB
47%
FinlandA
46%
VietnamA
46%
AfghanistanA
45%
ZambiaA
44%
GuyanaA
43%
MozambiqueA
43%
Cote d'IvoireA
42%
SerbiaA
42%
Burkina FasoA
41%
CroatiaB
41%
IraqA
41%
MontenegroB
41%
TogoB
41%
YemenA
41%
South SudanA
40%
Bosnia and HerzegovinaB
39%
Dominican RepublicA
38%
HaitiB
38%
OmanA
38%
KosovoB
37%
North KoreaA
37%
South KoreaB
37%
BulgariaA
36%
GreeceA
36%
KenyaA
36%
GhanaA
35%
GhanaB
35%
BruneiB
34%
LaosA
34%
MalaysiaA
34%
AlbaniaB
33%
AustriaA
33%
BotswanaA
32%
GuineaA
32%
TurkmenistanA
28%
UzbekistanA
28%
BelarusA
27%
Guinea-BissauB
27%
LiechtensteinB
27%
LiberiaB
26%
Sierra LeoneB
25%
SyriaA
25%
LebanonB
24%
BeninA
23%
CroatiaA
23%
GambiaB
22%
SenegalA
22%
United Arab EmiratesA
21%
NetherlandsA
20%
Equatorial GuineaB
18%
LatviaA
18%
BelgiumA
17%
Bosnia and HerzegovinaA
16%
JordanA
16%
LiberiaA
16%
UgandaA
16%
AlbaniaA
15%
LithuaniaA
15%
IsraelA
14%
SwitzerlandA
14%
Czech RepublicA
13%
GabonA
13%
KyrgyzstanA
13%
EritreaA
12%
BurundiA
10%
MacedoniaA
9%
MontenegroA
9%
AzerbaijanA
8%
GeorgiaA
7%
No matching quizzes found
Score Distribution
Percent of People with Each Score
Percentile by Number Answered
Your Score History
You have not taken this quiz